| 000 | 00927nam a2200325 a 4500 | ||
|---|---|---|---|
| 001 | 69652 | ||
| 003 | BD-RjUL | ||
| 005 | 20211209081918.0 | ||
| 008 | 170412s1992 nyua|||| b||| 001 0 eng d | ||
| 020 | _a0387977643 | ||
| 020 | _a3540977643 | ||
| 020 | _a0387977589 | ||
| 020 | _a3540977589 | ||
| 035 | _a(BD-RjUL)69864 | ||
| 040 |
_aBD-RjUL _beng _cBD-RjUL |
||
| 041 | _aeng | ||
| 082 |
_223 _a519.2 _bWHP 1992 |
||
| 100 |
_aWhittle, Peter. _9154307 |
||
| 245 |
_aProbability via expectation / _cPeter Whittle. |
||
| 250 | _a3rd ed. | ||
| 260 |
_aNew York : _bSpringer New York, _cc1992. |
||
| 300 |
_axviii, 300 p. : _bill. ; _c25 cm. |
||
| 490 | _aSpringer texts in statistics. | ||
| 504 | _aIncludes bibliographies and indexes. | ||
| 650 |
_aProbabilities. _9206306 |
||
| 650 |
_aStatistics. _9206307 |
||
| 650 |
_aMathematics. _9206308 |
||
| 830 |
_aSpringer texts in statistics. _9206310 |
||
| 942 |
_2ddc _cBK |
||
| 999 |
_c69652 _d69652 |
||